00674nam a2200205Ia 4500003000900000008004100009020001800050040001600068080002000084100001300104245013400117260003400251300001300285650004100298650004100339650004100380700001500421700001500436700001700451IN-BaIIA211028s9999 xx 000 0 eng d a3-540-09067-3 cIIA Library a048.1:52b78-21 aBohme, S 0aAstronomy and Astrophysics vol.21, Literature 1978, pt 1cS. Bohme...[et al.]  aBerlinbSpringer-Verlagc1978 ax. 834p. aAbstracts-Astronomy and Astrophysics aAstronomy and Astrophysics Abstracts aAstronomy and Astrophysics Thesaurus aFricke, W. aHefele, H. aHeinrich, I.